| 000 | 02366nam a2200301 i 4500 | ||
|---|---|---|---|
| 001 | 151991 | ||
| 003 | ES-MaACL | ||
| 005 | 20250726225952.0 | ||
| 008 | 931025s1769 sp a |||| | spa d | ||
| 100 | 1 |
_aBerni y Catalá, José. _eaut _928338 |
|
| 245 | 1 | 0 |
_aCreacion, antiguedad y privilegios de los titulos de Castilla / _cque escrive ... Joseph Berni y Català |
| 246 | 1 | _aCreación, antigüedad y privilegios de los títulos de Castilla | |
| 260 |
_aValencia : _ben la imprenta particular del autor para sus obras : _bse hallarà en Madrid, en la casa de Don Angel Corradi : _ben Cadiz, en la de Don Manuel Espinosa de los Monteros ... Imprenta de Marina : _by en Valencia, en la de Simon Faure, _c1769 |
||
| 300 |
_a[14], XX, [6], 522, XXVIII páginas, [2] hojas de láminas : _bilustraciones ; _cFol. |
||
| 530 | _aDisponible en formato digital | ||
| 596 | _aLos datos de distribución en pie de imp., constan en antep. | ||
| 597 | _aSign. : [ ]7, *-5*2, ¶1, 2¶2, [¶]1, A-Z4, 2A-2Z4, 3A-3T4, 3V-3Z2, 4A-4C2. | ||
| 597 | _aAntep. | ||
| 597 | _aGrabados xilográficos intercalados en el texto | ||
| 599 | _aPort. grab. calc.: "Murguia esct. M.". Grab. calc.: "Vincent Galon et Pellicer delt. et sculpt...", p. [9]; "Joseph Camaron delt.", "Galceran Sculpt", p. 113, 117, 125, 129, 133, 148, 166, 200, 203, 226, 246, 274, 360, 417, 482 y 490; "M. Sanchez delt., Murguia sct.", p. 442; Retratos de reyes españoles | ||
| 599 | _aLáminas: grab. calc.: "Joseph Camaron delint." "Vincent Galceran Sculpt. 1766", retrato de Carlos III entre p. [1] y [2], la h. segunda, entre 112 y 113 | ||
| 650 | 4 |
_aTítulos nobiliarios- _zCastilla (Reino) _9160268 |
|
| 651 | 4 |
_aEspaña- _xReyes y soberanos _98492 |
|
| 852 |
_aES-MaACL _cDEPO _dOlim: B-68 _eEjemplar falto de port., sustituida por una port. ms. sobre vitela e ilustrada a mano con un esc. real polícromo y con hierros dorados, también sobre vitela, retrato de Carlos III, pintado y decorado a mano _fSello con escudo real: "Inventariado por las Cortes, 1874" y sello del Real Palacio: "Cambio-duplicado" _hDonat. Biblioteca de Palacio, abril 1900 _jR-101 _xPiel roja, con hierros y cortes dorados |
||
| 856 |
_uhttp://bdh-rd.bne.es/viewer.vm?id=0000050632&page=1 _yVersión en línea _z(Biblioteca Digital Hispánica) |
||
| 942 |
_2udc _cMONANT _n0 |
||
| 999 |
_c151991 _d151991 |
||